000
00302nam a22001457a 4500
003
SGT
020
_a
9780024102133
082
_a
616.85
_b
C95S
100
_a
SHRIBERG, LAWRENCE
245
_a
CLINICAL PHONETICS
250
_a
2ND
260
_b
MACMILLAN PUB
_c
1995
300
_a
421
942
_2
ddc
_c
BK
999
_c
17892
_d
17892